The language of composition : (Record no. 590744)

000 -LEADER
fixed length control field 01729cam a2200397 i 4500
001 - CONTROL NUMBER
control field 20981227
003 - CONTROL NUMBER IDENTIFIER
control field NUST
005 - DATE AND TIME OF LATEST TRANSACTION
control field 20220825123821.0
008 - FIXED-LENGTH DATA ELEMENTS--GENERAL INFORMATION
fixed length control field 190521s2018 mauab b 001 0 eng
010 ## - LIBRARY OF CONGRESS CONTROL NUMBER
LC control number 2019296380
020 ## - INTERNATIONAL STANDARD BOOK NUMBER
International Standard Book Number 9781319056148
Qualifying information (hardcover)
038 ## - RECORD CONTENT LICENSOR
Staff Name Azhar
040 ## - CATALOGING SOURCE
Original cataloging agency DLC
Language of cataloging eng
Transcribing agency DLC
Description conventions rda
Modifying agency DLC
042 ## - AUTHENTICATION CODE
Authentication code pcc
050 00 - LIBRARY OF CONGRESS CALL NUMBER
Classification number PE1417
Item number .S386 2018
082 ## - DEWEY DECIMAL CLASSIFICATION NUMBER
Classification number 808.042076
Author Mark SHE
100 1# - MAIN ENTRY--PERSONAL NAME
Personal name Shea, Renée Hausmann,
Relator term author.
9 (RLIN) 96179
245 14 - TITLE STATEMENT
Title The language of composition :
Remainder of title reading, writing, rhetoric /
Statement of responsibility, etc. Renée H. Shea, Bowie State University, Maryland ; Lawrence Scanlon, brewster High School, New York ; Robin Dissin Aufses, Lycée Français de New York ; Megan Harowitz Pankiewicz Rockville High School, Maryland.
250 ## - EDITION STATEMENT
Edition statement Third edition.
260 ## - PUBLICATION, DISTRIBUTION, ETC.
Place of publication, distribution, etc. Boston :
Name of publisher, distributor, etc. Bedford, Freeman & Worth High School Publishers,
Date of publication, distribution, etc. 2018
300 ## - PHYSICAL DESCRIPTION
Extent xxxvii, 1271 pages :
Other physical details illustrations (chiefly color), color map ;
Dimensions 24 cm
336 ## - CONTENT TYPE
Content type term text
Source rdacontent
337 ## - MEDIA TYPE
Media type term unmediated
Source rdamedia
338 ## - CARRIER TYPE
Carrier type term volume
Source rdacarrier
504 ## - BIBLIOGRAPHY, ETC. NOTE
Bibliography, etc. note Includes bibliographical references (pages 1241-1246) and index.
650 #0 - SUBJECT ADDED ENTRY--TOPICAL TERM
Topical term or geographic name entry element College readers.
9 (RLIN) 21927
650 #0 - SUBJECT ADDED ENTRY--TOPICAL TERM
Topical term or geographic name entry element English language
General subdivision Rhetoric
Form subdivision Problems, exercises, etc.
9 (RLIN) 21925
650 #0 - SUBJECT ADDED ENTRY--TOPICAL TERM
Topical term or geographic name entry element Report writing
Form subdivision Problems, exercises, etc.
9 (RLIN) 21926
650 #0 - SUBJECT ADDED ENTRY--TOPICAL TERM
Topical term or geographic name entry element Interdisciplinary approach in education.
9 (RLIN) 4307
700 1# - ADDED ENTRY--PERSONAL NAME
Personal name Scanlon, Lawrence,
Relator term author.
9 (RLIN) 96180
700 1# - ADDED ENTRY--PERSONAL NAME
Personal name Aufses, Robin Dissin,
Relator term author.
9 (RLIN) 96181
700 1# - ADDED ENTRY--PERSONAL NAME
Personal name Pankiewicz, Megan Harowitz,
Relator term author.
9 (RLIN) 96182
906 ## - LOCAL DATA ELEMENT F, LDF (RLIN)
a 7
b cbc
c origcop
d 2
e ncip
f 20
g y-gencatlg
942 ## - ADDED ENTRY ELEMENTS (KOHA)
Source of classification or shelving scheme
Koha item type Lincoln Corner
Holdings
Withdrawn status Lost status Source of classification or shelving scheme Damaged status Not for loan Permanent Location Current Location Shelving location Date acquired Full call number Barcode Date last seen Price effective from Koha item type
          Central Library (CL) Central Library (CL) Lincoln Corner 08/01/2022 808.042076 SHE LC-283 08/01/2022 08/01/2022 Reference
© 2023 Central Library, National University of Sciences and Technology. All Rights Reserved.